Los límites a las facultades de la AFIP de fijar regímenes de información (Registro nro. 14748)

Detalles MARC
000 -LEADER
fixed length control field 00357 a2200109 4500
001 - CONTROL NUMBER
control field ART_18023
005 - DATE AND TIME OF LATEST TRANSACTION
control field 20260410161656.0
008 - FIXED-LENGTH DATA ELEMENTS--GENERAL INFORMATION
fixed length control field 260409a
100 1# - MAIN ENTRY--PERSONAL NAME
Personal name Folco, Carlos Maria
245 10 - TITLE STATEMENT
Title Los límites a las facultades de la AFIP de fijar regímenes de información
773 0# - HOST ITEM ENTRY
Title Práctica profesional
Related parts - Nº 125 (sep. 2010)
Record control number REV542

No hay ítems disponibles.